header

Family therapy (Record no. 155830)

MARC details
000 -LEADER
fixed length control field 01383nam a2200361Ia 4500
082 04 - DEWEY DECIMAL CLASSIFICATION NUMBER
Classification number 616.89/156
100 1# - MAIN ENTRY--AUTHOR NAME
Personal name Burnham, John B.
245 10 - TITLE STATEMENT
Title Family therapy
260 ## - PUBLICATION, DISTRIBUTION, ETC. (IMPRINT)
Place of publication London ;
-- New York :
Name of publisher Tavistock Publications in association with Methuen,
Year of publication 1986.
300 ## - PHYSICAL DESCRIPTION
Number of Pages xii, 244 p. :
Other physical details ill.
490 1# - SERIES STATEMENT
Series statement Tavistock library of social work practice
500 ## - GENERAL NOTE
General note Includes indexes.
650 #0 - SUBJECT ADDED ENTRY--TOPICAL TERM
Topical Term Family psychotherapy.
Topical Term Families.
856 40 - ELECTRONIC LOCATION AND ACCESS
Uniform Resource Identifier http://site.ebrary.com/lib/rucke/Doc?id=10061006

No items available.

© 2026 Rongo University
Contact us: librarian | system librarian | Rongo university